000 00286nam a22001217a 4500
008 230501b |||||||| |||| 00| 0 eng d
100 _aS.N. Misra
245 _aLabour & Industrial Laws
260 _aAllahabad
_bCLP Pub
_c2009
300 _a1008
546 _aEnglish
942 _2ddc
_cBK
999 _c19937
_d19937